| 000 | 00563nam a2200157Ia 4500 | ||
|---|---|---|---|
| 999 |
_c22856 _d22856 |
||
| 082 | _aRR 923.254 WHO- | ||
| 245 | 0 | _aWho's who: Parliament of India twelfth lok sabha | |
| 260 |
_aNew Delhi _bLok Sabha Secretariat _c1999 |
||
| 300 | _axxi, 1312 | ||
| 500 | _acontents: Acc no. 37692 (xvi,1165p.), (1997) - Acc no. D1712 (Parliament of India thirteenth lok sabha), (2000), (xxii, 1333p.) | ||
| 650 | _aLegislators - Biography - India | ||
| 650 | _aLok sabha legislators | ||
| 650 | _aLegislators - India | ||
| 650 | _aBiography - Directories | ||
| 942 |
_cBK _2ddc |
||